Vplyv rodinného prostredia na utváranie prosociálnej orientácie dieťaťa

Bibliographic Details
Main Author: Koubeková, Eva (Author)
Format: Article
Language:Slovak
PhysicalDescription:Tab. 2, lit. 14 zázn. v angl.
ISSN:0555-5574
Subjects:

MARC

LEADER 00000nab a2200000 a 4500
001 vtls000576245
003 SK-MaSNL
005 20260304234027.0
008 250425c1995 xo 0 slo
015 |a SNBRB19rr/mm-uuuuu 
035 |a CL0576383 
035 |a urn:nbn:sk:snk-ab2tqr 
035 |a (urnnbn)urn:nbn:sk:snk:ar-a02xhq 
035 |a (uuid)3679f812-cde6-49f4-b702-972fc586f896 
040 |a SNKBUCL  |b slo  |c SNKBUCL  |e AACR2 
041 0 |a slo 
044 |a xo  |c SK 
080 |a 159.922.7:159.922.27:37.018.1  |2 1981 
080 |a 159.922.27  |2 1981 
080 |a 37.018.1  |2 1981 
100 1 |a Koubeková, Eva  |4 aut  |9 807724 
245 1 0 |a Vplyv rodinného prostredia na utváranie prosociálnej orientácie dieťaťa  |c Eva Koubeková 
300 |b Tab. 2, lit. 14 zázn. v angl. 
650 0 7 |a deti  |2 snkbucl  |9 773 
650 0 7 |a prosociálne správanie  |2 snkbucl  |9 49610 
650 0 7 |a rodinná výchova  |2 snkbucl  |9 66934 
655 7 |a články z novín a časopisov  |2 snkbucl  |9 267496 
773 0 |t Psychológia a patopsychológia dieťaťa  |g Roč. 30, č. 1 (1995), s. 111-115  |x 0555-5574 
850 |a Slovenská národná knižnica 
852 |a Slovenská národná knižnica 
954 |a odborná, vedecká literatúra pôvodná (slovenská)  |2 lita 
958 |a article2022 
958 |a RK 
958 |a OND 
958 |a EUIPO 
992 |a RBX 
999 |c 3201623  |d 3203553